Ngữ pháp chức năng tiếng Việt

Sách giới thiệu cấu trúc cú pháp của câu, phân loại câu theo cấu trúc cú pháp, câu trong ngôn bản, nghĩa của câu, phân loại câu theo hành động ngôn trung.

সংরক্ষণ করুন:
গ্রন্থ-পঞ্জীর বিবরন
প্রধান লেখক: Cao, Xuân Hạo
বিন্যাস: গ্রন্থ
ভাষা:Undetermined
প্রকাশিত: Hà Nội Giáo Dục 1999
বিষয়গুলি:
ট্যাগগুলো: ট্যাগ যুক্ত করুন
কোনো ট্যাগ নেই, প্রথমজন হিসাবে ট্যাগ করুন!
Thư viện lưu trữ: Trung tâm Học liệu Trường Đại học Cần Thơ
LEADER 00970nam a2200253Ia 4500
001 CTU_41489
008 210402s9999 xx 000 0 und d
020 |b 8.000đ 
020 |c 8000 
082 |a 495.9225 
082 |b H108/T.1 
100 |a Cao, Xuân Hạo 
245 0 |a Ngữ pháp chức năng tiếng Việt 
245 0 |c Cao Xuân Hạo... [et al.] 
260 |a Hà Nội 
260 |b Giáo Dục 
260 |c 1999 
520 |a Sách giới thiệu cấu trúc cú pháp của câu, phân loại câu theo cấu trúc cú pháp, câu trong ngôn bản, nghĩa của câu, phân loại câu theo hành động ngôn trung. 
526 |a Cú pháp học tiếng Việt,Ngữ dụng học tiếng Việt 
526 |b SG297,SG298 
650 |a Vietnamese language,Vietnamese language 
650 |x Grammar,Syntax 
904 |i Minh 
980 |a Trung tâm Học liệu Trường Đại học Cần Thơ